| 000 | 00356cam a2200145ua 4500 | ||
|---|---|---|---|
| 041 |
_aeng _h |
||
| 082 |
_a828.09 _bBRI/AN |
||
| 100 | _aBiggs, K M . | ||
| 245 |
_aAnatomy of puck / _cK M Briggs. _hTextual Documents |
||
| 260 |
_aLondon : _bRoutledge & Kegan Paul Ltd , _c1959. |
||
| 300 | _a284 ; . | ||
| 504 | _a | ||
| 942 | _cBK | ||
| 999 |
_c12674 _d12674 |
||